Statistics for Little Known NBA Players

Click here to take the quiz!

General Stats

  • This quiz has been taken 6 times
  • The average score is 1 of 11

Answer Stats

TeamAnswer% Correct
Spurs(retired)Matt Bonner
50%
HawksErsan Ilyasova
17%
76ersJerryd Bayless
17%
ThunderRaymond Felton
17%
GrizzliesTony Allen
17%
NuggetsAlonzo Gee
0%
MagicBismack Biyombo
0%
KingsCaron Butler
0%
LakersCory Brewer
0%
RaptorsLouis Amundson
0%
ThunderNazr Mohammed
0%

Score Distribution

Percentile by Number Answered

Percent of People with Each Score

Your Score History

You have not taken this quiz